000 01056nam a22002537a 4500
001 BD-DhSAU 7469
003 BD-DhSAU
005 20240319145350.0
008 150422b2006 bg ||||| m||m 00| 0 eng d
040 _aBD-DhSAU
082 _222
_a631.4
_bM737
100 _aMOLLIK, MD. ASMAUL HAQUE
_eRegistration No. # 20-11109
245 _aEffect of organic and inorganic fertilizer application on rice production (brri dhan28) /
_bMS thesis
260 _aSher-e- Bangla Agricultural University:
_bDepartment of Soil Science,
_c2022.
300 _aviii, 62p.:
_b30 cm.
500 _aMS thesis of Department of Soil Science , Faculty of Agriculture, Sher-e-Bangla Agricultural University, Dhaka, Bangladesh
590 _aNamul
650 _aorganic and inorganic fertilizer
651 _arice production (brri dhan28)
700 _aProf. A.T.M.Shamsuddoha
_eSuperviser
700 _aProf. Dr. Md. Asaduzzaman Khan
_eCo-Superviser
856 _uhttp://archive.saulibrary.edu.bd:8080/xmlui/handle/123456789/5152
942 _2ddc
_cTHESIS
999 _c17435
_d17434